000 00527 a2200157 4500
999 _c2496
_d2496
020 _a9780199584130
050 _a HF5429 ALE 2009
100 _aAlexander, Nicholas
_eauthor
245 _aInternational Retailing /
_cNicholas Alexander and Anne Marie Doherty
264 _aNew Delhi
_bOxford University Press
_c2009
300 _a371p. :
_bill.
500 _aincludes bibliographical references and index
650 _aRetail trade
_xInternational trade
700 _aDoherty, Anne Marie
_eauthor
942 _2lcc
_cBK
_h5429
_iALE
_kHF